000 00865cam a2200277 4500
008 090401t1997 xxu||||| |||| 00| 0 eng d
020 _a0854068430
035 _a(Sirsi) u81973
041 _aeng
050 _a029.7
110 _aRoyal Institution of Chartered Surveyors
_94900
245 _aWorld Wide Web sites for chartered surveyors
250 _a2nd ed.
260 _aLondon
_bRICS
_c1997
300 _a54p. ; 30cm.
350 _a15
520 _aAccompanied by computer disc which is not available for loan. Copies of the publication are available to purchase from the library at £15.00
650 _aABOUT RICS-RICS MEMBERS
650 _aINTERNET
650 _aWEB SITES
650 _aWORLD WIDE WEB
690 _aMANAGEMENT-BUSINESS MANAGEMENT-INFORMATION MANAGEMENT
700 _aLinacre, Cathy
942 _n0
948 _c11/11/1997
999 _c96760
_d96760